000 01579nam a22002417a 4500
999 _c58524
_d58524
003 Ge_BSU
005 20220524102359.0
008 220523s2021 ge ||||| |||| 00| 0 geo d
020 _a19879563
041 _ageo
080 _a930.2(479.22) ქ-27
245 _aქართული წყაროთმცოდნეობა= Georgian Source-Studies : N 23 /
_cრედაქტორები: გიული ალასანია, მარიამ ჩხარტიშვილი, ზურაბ თარგამაძე; ივანე ჯავახიშვილის სახელობის ისტორიისა და ეთნოლოგიის ინსტიტუტი.
264 _aთბილისი :
_bმერიდიანი,
_c2021.
300 _a380 გვ.
_bსურ., ცხრ.;
_c30 სმ.
653 _aქართული წყაროთმცოდნეობა
653 _aისტორია
700 _aალასანია, გიული
_eრედაქტორი
_913521
700 _aჩხარტიშვილი, მარიამ
_eრედაქტორი
_913522
700 _aთარგამაძე, ზურაბ
_913523
710 _a ივანე ჯავახიშვილის სახელობის ისტორიისა და ეთნოლოგიის ინსტიტუტი
_913804
856 _ufile:///C:/Users/BSU/Downloads/GeorgianSource-Studies_2021.pdf
_yელ. ვერსია. pdf
942 _2udc
_cBK